000 01041nam a2200349 a 4500
003 AR-BaBNM
005 20251128203442.0
008 082120s2002 ||||||||||||||000 | spa||
020 _a950-9231-37-3
040 _cAR-BaBNM
100 1 _aCalderón, Fernando
245 0 0 _aAutonomía, estabilidad y renovación
_blos desafíos de las ciencias sociales en América Latina
260 _aBuenos Aires
_bClacso
_c1992
300 _a277 p.
_btablas, gráfs.
490 0 _aBiblioteca de Ciencias Sociales
500 _aContiene referencias bibliográficas para consultar
650 4 _aRELACIONES HUMANAS
650 4 _aESTABILIDAD
650 4 _aCIENCIAS SOCIALES
650 4 _aPOLITICA SOCIAL
650 4 _aESTADO
650 4 _aPOLITICAS PUBLICAS
650 4 _aPOLITICA GUBERNAMENTAL
650 4 _aPLANIFICACION SOCIAL
650 4 _aINSTITUCIONES
650 4 _aCIENCIAS POLITICAS
651 4 _aAmérica Latina
700 1 _aProvoste, Patricia
800 1 _aMicieli, Cristina
_edirector
942 _cBK
998 _cMariana
999 _c3452
_d3452